000 00370nam a22001697a 4500
005 20160613164946.0
008 160613b xxu||||| |||| 00| 0 eng d
020 _a978-81-203-3301-7
041 _aeng
082 _b7299
100 _aSen, Leena
_9482
245 _aCommunication skills
260 _bPHI
300 _a272
650 _aManagement
_9241
942 _cBK
999 _c2560
_d2559